Industrias y andanzas de Alfanhuí (Record no. 105874)

MARC details
000 -LEADER
campo de control de longitud fija 00826nam a2200253 i 4500
001 - NÚMERO DE CONTROL
campo de control 105874
003 - IDENTIFICADOR DE NÚMERO DE CONTROL
campo de control ES-MaACL
005 - FECHA Y HORA DE LA ÚLTIMA TRANSACCIÓN
campo de control 20250911062650.0
007 - CAMPO FIJO DE DESCRIPCIÓN FÍSICA--INFORMACIÓN GENERAL
campo de control de longitud fija t|
008 - DATOS DE LONGITUD FIJA--INFORMACIÓN GENERAL
campo de control de longitud fija 060905s1961 sp |||| | spa d
080 ## - NÚMERO DE LA CLASIFICACIÓN DECIMAL UNIVERSAL
Número de la Clasificación Decimal Universal 821.134.2-31"19"
100 1# - ENTRADA PRINCIPAL--NOMBRE DE PERSONA
Nombre de persona Sánchez Ferlosio, Rafael,
Fechas asociadas al nombre 1927-2019
9 (RLIN) 102633
245 10 - MENCIÓN DEL TÍTULO
Título Industrias y andanzas de Alfanhuí
Resto del título ; Y el corazón caliente ; Dientes, pólvora, febrero /
Mención de responsabilidad, etc. Rafael Sánchez Ferlosio.
246 30 - FORMA VARIANTE DEL TITULO
Título propio/Titulo breve Y el corazón caliente
246 30 - FORMA VARIANTE DEL TITULO
Título propio/Titulo breve Dientes, pólvora, febrero
250 ## - MENCION DE EDICION
Mención de edición 1ª ed.
260 ## - PUBLICACIÓN, DISTRIBUCIÓN, ETC.
Lugar de publicación, distribución, etc. Barcelona :
Nombre del editor, distribuidor, etc. Destino,
Fecha de publicación, distribución, etc. 1961.
300 ## - DESCRIPCIÓN FÍSICA
Extensión 229 p. ;
Dimensiones 19 cm.
490 1# - MENCIÓN DE SERIE
Mención de serie Ancora y delfín ;
Designación de volumen o secuencia 200
830 00 - PUNTO DE ACCESO ADICIONAL DE SERIE-TÍTULO UNIFORME
Título uniforme Áncora y Delfín
Designación de volumen o secuencia 200
9 (RLIN) 151298
852 ## - LOCALIZACIÓN
Ubicación ES-MaACL
Número de control de estantería AND-693
Nota libre . - Biblioteca Juan Andrade
852 ## - LOCALIZACIÓN
Ubicación ES-MaACL
Número de control de estantería G-9672
Holdings
Estatus retirado Estado de pérdida Estado de daño No para préstamo Biblioteca de origen Biblioteca actual Ubicación en estantería Fecha de adquisición Fuente de adquisición Total de préstamos Signatura topográfica completa Código de barras Visto por última vez Precio de reemplazo Tipo de ítem Koha
        Biblioteca del Ateneo de Madrid Biblioteca del Ateneo de Madrid Sala Pecera Planta 3 01/04/2019     G-9672 1200289 23/02/2023 23/02/2023 Libro impreso
        Biblioteca del Ateneo de Madrid Biblioteca del Ateneo de Madrid Depósito 2 17/01/2008     AND-693 1110533 23/02/2023 23/02/2023 Libro impreso